La rebelión de las masas
Na minha lista:
| Autor principal: | |
|---|---|
| Formato: | Livro |
| Idioma: | Undetermined |
| Publicado em: |
Buenos Aires, Argentina
Espasa Calpe
1944
|
| Edição: | 7 |
| Assuntos: | |
| Tags: |
Adicionar Tag
Sem tags, seja o primeiro a adicionar uma tag!
|
MARC
| LEADER | 00000nam a2200000Ia 4500 | ||
|---|---|---|---|
| 008 | 170316s9999 xx 000 0 und d | ||
| 090 | |a 100 O-9r | ||
| 100 | |a Ortega y Gasset, José | ||
| 245 | |a La rebelión de las masas | ||
| 250 | |a 7 | ||
| 260 | |a Buenos Aires, Argentina | ||
| 260 | |b Espasa Calpe | ||
| 260 | |c 1944 | ||
| 300 | |a 226 páginas | ||
| 650 | |a FILOSOFÍA | ||
| 650 | |a HOMBRE - MASA | ||
| 650 | |a PRIMITIVISMO | ||
| 650 | |a LAS MASAS | ||
| 999 | |c 17231 |d 17231 | ||
| 040 | |a cru BVZT | ||
| 942 | |c 15 D |h 100 O-9r |2 z | ||
